000 00728nam a2200265 a 4500
001 29027
003 AR-BaAGN
005 20250523113514.0
007 ta
008 220625s1972 ag |||||r|||| ||||||spa d
040 _dAR-BaAGN
_aAR-BaAGN
_bspa
_eaacr
110 1 _aInstituto para la Integración de América Latina
245 1 0 _aEl proceso de integración de América Latina :
_b1968-1971
250 _a1ª ed.
260 _aBuenos Aires :
_bBID-INTAL,
_c1972.
300 _a296 páginas
336 _2rdacontent
_btxt
337 _2rdamedia
_bn
338 _2rdacarrier
_bnc
650 4 _aINTEGRACIÓN ECONÓMICA
_91773
651 4 _aAmérica Latina
_93630
942 _cLIBRO
999 _c29027
_d29027